Mistrovství ČR ve všestrannosti

Bibliographic Details
Main Author: Matoušek, V. (Author)
Format: Article
Language:Slovak
Czech
PhysicalDescription:Fot. 2.
Subjects:

MARC

LEADER 00000nab a2200000 a 4500
001 vtls000471337
003 SK-MaSNL
005 20260304083013.0
008 250424c1992 xo 0 slo
015 |a SNBRB19rr/mm-uuuuu 
035 |a CL0471470 
035 |a urn:nbn:sk:snk-ab7ku7 
035 |a (urnnbn)urn:nbn:sk:snk:ar-0067i2 
035 |a (uuid)59f43657-4d9d-4d67-9ff3-a5ba42968b6a 
040 |a SNKBUCL  |b slo  |c SNKBUCL  |e AACR2 
041 0 |a cze 
044 |a xo  |c SK 
080 |a 798.29.093.1(437.1)  |2 1981 
100 1 |a Matoušek, V.  |4 aut  |9 708709 
245 1 0 |a Mistrovství ČR ve všestrannosti  |c V. Matoušek 
300 |b Fot. 2. 
650 0 7 |a jazdectvo  |2 snkbucl  |9 3225 
651 7 |a Česko  |2 snkbucl  |9 16753 
655 7 |a články z novín a časopisov  |2 snkbucl  |9 267496 
773 0 |t Jazdectvo = Jezdectví  |g Č. 11 (1992), s. 12 
850 |a Slovenská národná knižnica 
852 |a Slovenská národná knižnica 
954 |a odborná, vedecká literatúra cudzojazyčná (svetová)  |2 lita 
954 |a odborná, vedecká literatúra pôvodná (slovenská)  |2 lita 
958 |a article7 
958 |a OND 
958 |a RK 
958 |a EUIPO 
992 |a RBX 
999 |c 2799111  |d 2801041